书目信息 |
| 题名: |
高中数学奥林匹克竞赛数学思想方法篇
|
|
| 作者: | 杨德胜 著 | |
| 分册: | ||
| 出版信息: | 上海 华东化工学院出版社 2003.07 |
|
| 页数: | 184页 | |
| 开本: | 20cm | |
| 丛书名: | ||
| 单 册: | ||
| 中图分类: | G634.605 | |
| 科图分类: | ||
| 主题词: | 教育--各级 | |
| 电子资源: | ||
| ISBN: | 7-5628-1410-4 | |
| 000 | 00617nam0 2200193 450 | |
| 001 | 0542140328 | |
| 005 | 20050608114220.32 | |
| 010 | @a7-5628-1410-4@d16.00CNY | |
| 100 | @a20050608d2003 km y0chiy0120 ea | |
| 101 | 0 | @achi |
| 102 | @aCN@b310000 | |
| 200 | 1 | @a高中数学奥林匹克竞赛数学思想方法篇@Agao zhong shu xue ao lin pi ke jing sai shu xue si xiang fang fa pian@f杨德胜著@Fyang de sheng zhu |
| 210 | @a上海@c华东化工学院出版社@d2003.07 | |
| 215 | @a184页@d20cm | |
| 606 | 0 | @a教育@x各级 |
| 690 | @aG634.605@v4 | |
| 701 | 0 | @a杨德胜@Ayang de sheng@4著 |
| 801 | 0 | @aCN@bPFT@c20050608 |
| 905 | @a10447@dG634.605@eY160 | |
| 高中数学奥林匹克竞赛数学思想方法篇/杨德胜著.-上海:华东化工学院出版社,2003.07 |
| 184页;20cm |
| ISBN 7-5628-1410-4:16.00CNY |
| ● |
| 相关链接 |
|
|
|
正题名:高中数学奥林匹克竞赛数学思想方法篇
索取号:G634.605/Y160
 
预约/预借
| 序号 | 登录号 | 条形码 | 馆藏地/架位号 | 状态 | 备注 |
| 1 | 536793 | 205367930 | 社科库409/409社科库 8排4列3层/ [索取号:G634.605/Y160] | 在馆 | |
| 2 | 536794 | 205367949 | 社科库409/409社科库 8排4列3层/ [索取号:G634.605/Y160] | 在馆 |